Central Library OPAC University of Rajshahi

The development of social administration / (Record no. 6409)

MARC details
000 -LEADER
fixed length control field 00965cam a22003011 4500
001 - CONTROL NUMBER
control field 6409
003 - CONTROL NUMBER IDENTIFIER
rucl marc code BD-RjUL
005 - DATE AND TIME OF LATEST TRANSACTION
control field 20211208234234.0
008 - FIXED-LENGTH DATA ELEMENTS--GENERAL INFORMATION
fixed length control field 140111r19631959enk b 001 0 eng
035 ## - SYSTEM CONTROL NUMBER
System control number (BD-RjUL)6449
System control number (OCoLC)255783
040 ## - CATALOGING SOURCE
Original cataloging agency DLC
Transcribing agency ODaWU
Modifying agency OCoLC
-- NcRS
-- Uk
-- DLC
-- BD-RjUL
Language of cataloging eng
041 ## - LANGUAGE CODE
Language code of text/sound track or separate title eng
082 ## - DEWEY DECIMAL CLASSIFICATION NUMBER
Classification number 309.166
Author mark and year GAD 1963
100 1# - MAIN ENTRY--PERSONAL NAME
Personal name Gardiner, Robert K. A.
Fuller form of name (Robert Kweku Atta)
9 (RLIN) 20177
245 14 - TITLE STATEMENT
Title The development of social administration /
Statement of responsibility, etc. [by] Robert Kweku Gardiner, Helen O. Judd.
250 ## - EDITION STATEMENT
Edition statement 2d ed.
260 ## - PUBLICATION, DISTRIBUTION, ETC. (IMPRINT)
Place of publication, distribution, etc. London :
Name of publisher, distributor, etc. Oxford University Press,
Date of publication, distribution, etc. c1959 [Reprinted 1963].
300 ## - PHYSICAL DESCRIPTION
Pagination 208 p. ;
Size 19 cm.
504 ## - BIBLIOGRAPHY, ETC. NOTE
Bibliography, etc Includes index and bibliography.
650 #0 - SUBJECT ADDED ENTRY--TOPICAL TERM
Topical term or geographic name as entry element Social policy.
9 (RLIN) 20178
651 #0 - SUBJECT ADDED ENTRY--GEOGRAPHIC NAME
Geographic name Africa, West
General subdivision Social policy.
9 (RLIN) 20179
Geographic name Great Britain
General subdivision Social policy.
9 (RLIN) 20180
700 1# - ADDED ENTRY--PERSONAL NAME
Personal name Judd, Helen O.
942 ## - ADDED ENTRY ELEMENTS (KOHA)
Source of classification or shelving scheme Dewey Decimal Classification
Koha item type Books
Holdings
Lost status Source of classification or shelving scheme Damaged status Not for loan Collection code Permanent Location Current Location Shelving location Date acquired Source of acquisition Cost, normal purchase price Total Checkouts Full call number Date last seen Copy number Koha item type
  Dewey Decimal Classification     Non-fiction Central Library, University of Rajshahi Central Library, University of Rajshahi   09/12/1970 Sweets and Zeitlinger. 15.00   309.166 GAD 1963 11/01/2014 C-6 Books
  Dewey Decimal Classification     Non-fiction Central Library, University of Rajshahi Central Library, University of Rajshahi   09/12/1970 Sweets & Zeittinger 157.00   309.166 GAD 1963 21/08/2016 C-3 Books
  Dewey Decimal Classification     Non-fiction Central Library, University of Rajshahi Central Library, University of Rajshahi   09/12/1970 Sweets & Zeittinger 157.00   309.166 GAD 1963 21/08/2016 C-4 Books
  Dewey Decimal Classification     Non-fiction Central Library, University of Rajshahi Central Library, University of Rajshahi   09/12/1970 Sweets & Zeittinger 157.00   309.166 GAD 1963 21/08/2016 C-5 Books
  Dewey Decimal Classification     Non-fiction Central Library, University of Rajshahi Central Library, University of Rajshahi   09/12/1970 Sweets & Zeittinger 157.00   309.166 GAD 1963 21/08/2016 C-6 Books